000 00226 a2200097 4500
001 59160
100 _a
245 _aAnt : quranic stories for childrens
260 _aKarachi
_bChildren Books Pub
_c2008
090 _c36236
_d36236
942 _aNUST-CAE
_c
_c29154
999 _c294233
_d294233